[Event "Verbandsliga Nord Baden 1314"]
[Site "Germany"]
[Date "2014.01.12"]
[Round "4.5"]
[White "Pielmeier, Thomas"]
[Black "Hess, Markus"]
[Result "0-1"]
[WhiteElo "2181"]
[BlackElo "2183"]
[PlyCount "52"]
[EventDate "2013.10.20"]
[EventType "team-tourn"]
[EventRounds "9"]
[EventCountry "GER"]
[SourceTitle "EXT 2015"]
[Source "ChessBase"]
[SourceDate "2014.11.20"]
[SourceVersion "1"]
[SourceVersionDate "2014.11.20"]
[SourceQuality "1"]
[WhiteTeam "Heidelberg"]
[BlackTeam "Walldorf"]
[WhiteTeamCountry "GER"]
[BlackTeamCountry "GER"]

1. e4 c6 2. d4 d5 3. exd5 cxd5 4. c4 Nf6 5. Nc3 e6 6. Nf3 Bb4 7. Bd2 0-0 8. a3 Be7 9. cxd5 exd5 10. Bd3 Bg4 11. 0-0 Nc6 12. Be3 Rc8 13. h3 Bh5 14. Bf5 Ra8 15. b4 Re8 16. Rc1 Bg6 17. Bxg6 hxg6 18. Qb3 a5 19. b5 a4 20. Nxa4 Na5 21. Qd1 Bxa3 22. Rb1 Nc4 23. Bg5 Qd6 24. Bxf6 gxf6 25. Nc3 Bb2 26. Qb3 Ra3 0-1

[Event "Verbandsliga Nord Baden 1213"]
[Site "Baden"]
[Date "2012.10.21"]
[Round "1.4"]
[White "Schmidt, Horst"]
[Black "Pielmeier, Thomas"]
[Result "1-0"]
[WhiteElo "2168"]
[BlackElo "2181"]
[PlyCount "87"]
[EventDate "2012.10.21"]
[EventType "team-tourn"]
[EventRounds "9"]
[EventCountry "GER"]
[SourceTitle "EXT 2014"]
[Source "ChessBase"]
[SourceDate "2013.11.20"]
[SourceVersion "1"]
[SourceVersionDate "2013.11.20"]
[SourceQuality "1"]
[WhiteTeam "Bad Mergentheim II"]
[BlackTeam "Heidelberg"]
[WhiteTeamCountry "GER"]
[BlackTeamCountry "GER"]

1. c4 Nf6 2. Nf3 g6 3. g3 Bg7 4. Bg2 0-0 5. 0-0 c6 6. d4 d5 7. Nbd2 Ne4 8. e3 f5 9. Qc2 Nd7 10. cxd5 cxd5 11. Qb3 e6 12. Ne1 Qb6 13. Nd3 Qxb3 14. Nxb3 b6 15. f3 Nd6 16. Re1 a5 17. Nd2 Ba6 18. Nf4 Rfe8 19. Ne2 Rac8 20. Nc3 Bd3 21. f4 Rc7 22. Nf3 Ne4 23. Ne5 Nxe5 24. Bxe4 fxe4 25. dxe5 Bf8 26. Bd2 b5 27. a3 b4 28. axb4 axb4 29. Na2 Rc2 30. Bxb4 Rxb2 31. Bxf8 Rxf8 32. Nc3 g5 33. Ra2 Rxa2 34. Nxa2 gxf4 35. gxf4 Rb8 36. Nc3 Rb2 37. Rc1 Kf7 38. Na4 Ra2 39. Rc7+ Kg6 40. Nc5 Kf5 41. Rg7 Ra1+ 42. Kf2 Ra2+ 43. Kg3 h6 44. Nb7 1-0

[Event "Verbandsliga Nord Baden 1112"]
[Site "Germany"]
[Date "2012.03.04"]
[Round "7.5"]
[White "Pielmeier, Thomas"]
[Black "Schell, Peter"]
[Result "1-0"]
[WhiteElo "2181"]
[BlackElo "2108"]
[PlyCount "95"]
[EventDate "2011.10.09"]
[EventType "team-tourn"]
[EventRounds "9"]
[EventCountry "GER"]
[SourceTitle "EXT 2013"]
[Source "ChessBase"]
[SourceDate "2012.11.22"]
[SourceVersion "1"]
[SourceVersionDate "2012.11.22"]
[SourceQuality "1"]
[WhiteTeam "Heidelberg"]
[BlackTeam "Walldorf"]
[WhiteTeamCountry "GER"]
[BlackTeamCountry "GER"]

1. e4 c5 2. Nf3 Nc6 3. d4 cxd4 4. Nxd4 Nf6 5. Nc3 e5 6. Ndb5 a6 7. Nd6+ Bxd6 8. Qxd6 Qe7 9. Qc7 d5 10. Qxe7+ Nxe7 11. Bd3 Be6 12. 0-0 dxe4 13. Nxe4 Nxe4 14. Bxe4 0-0-0 15. Re1 Bd5 16. Bd3 Nc6 17. Bg5 f6 18. Be3 e4 19. Be2 Ne5 20. b3 Bc6 21. a4 h6 22. b4 Bd5 23. b5 Bc4 24. bxa6 bxa6 25. Bd1 Rhe8 26. Rb1 f5 27. h4 Re6 28. Bf4 Nd7 29. Rb4 Rc6 30. f3 a5 31. Rb1 g5 32. hxg5 hxg5 33. Bd2 Nc5 34. Bxa5 Re8 35. fxe4 Nxe4 36. Bd2 f4 37. Bg4+ Kc7 38. Ba5+ Kd6 39. Rbd1+ Bd5 40. Bb4+ Ke5 41. c3 Rh6 42. Bf3 g4 43. Bxe4 Bxe4 44. Rxe4+ Kxe4 45. Re1+ Kd3 46. Rxe8 g3 47. Rd8+ Ke2 48. Rd4 1-0

[Event "Verbandsliga Nord Baden 1112"]
[Site "Germany"]
[Date "2011.11.27"]
[Round "3.2"]
[White "Pfleger, Michael"]
[Black "Pielmeier, Thomas"]
[Result "1-0"]
[WhiteElo "2222"]
[BlackElo "2181"]
[PlyCount "115"]
[EventDate "2011.10.09"]
[EventType "team-tourn"]
[EventRounds "9"]
[EventCountry "GER"]
[SourceTitle "EXT 2013"]
[Source "ChessBase"]
[SourceDate "2012.11.22"]
[SourceVersion "1"]
[SourceVersionDate "2012.11.22"]
[SourceQuality "1"]
[WhiteTeam "Bad Mergentheim II"]
[BlackTeam "Heidelberg"]
[WhiteTeamCountry "GER"]
[BlackTeamCountry "GER"]

1. e4 e5 2. c3 d5 3. exd5 Qxd5 4. Qb3 Be6 5. Qxd5 Bxd5 6. Nf3 Nc6 7. Be2 0-0-0 8. 0-0 f5 9. b4 e4 10. Ne1 Ne5 11. Na3 Nf6 12. f4 Nf7 13. Nb5 a6 14. Nd4 Nd6 15. Nec2 g6 16. Ne3 h5 17. Bb2 Bf7 18. a4 Bg7 19. c4 Ng4 20. c5 Nc4 21. Bxc4 Bxc4 22. Nxc4 Bxd4+ 23. Bxd4 Rxd4 24. Rfc1 Re8 25. h3 Nf6 26. c6 b6 27. b5 a5 28. Ra3 Nd5 29. g3 h4 30. Kg2 hxg3 31. Kxg3 Rg8 32. h4 Nf6 33. Kf2 Rh8 34. Ke3 Rdd8 35. Rh1 Nd5+ 36. Kf2 Nxf4 37. Ne5 Rd5 38. Nd7 Nd3+ 39. Ke3 Re8 40. Nf6 f4+ 41. Ke2 f3+ 42. Ke3 Rdd8 43. Nxe8 Rxe8 44. Rxd3 exd3+ 45. Kxd3 Kd8 46. Rf1 Rh8 47. Rxf3 Rxh4 48. Rf8+ Ke7 49. Rc8 Rxa4 50. Rxc7+ Kd8 51. Rb7 Rb4 52. Rxb6 g5 53. Rb7 Kc8 54. Ke3 a4 55. d4 Rb3+ 56. Ke4 Rb4 57. Kd5 a3 58. Kc5 1-0

[Event "Oberliga Baden 1011"]
[Site "Baden"]
[Date "2011.02.06"]
[Round "6.5"]
[White "Schlager, Thomas"]
[Black "Pielmeier, Thomas"]
[Result "1-0"]
[WhiteElo "2276"]
[BlackElo "2181"]
[PlyCount "89"]
[EventDate "2010.10.10"]
[EventType "team-tourn"]
[EventRounds "9"]
[EventCountry "GER"]
[SourceTitle "EXT 2012"]
[Source "ChessBase"]
[SourceDate "2011.11.24"]
[SourceVersion "1"]
[SourceVersionDate "2011.11.24"]
[SourceQuality "1"]
[WhiteTeam "Karlsruhe"]
[BlackTeam "Heidelberg II"]
[WhiteTeamCountry "GER"]
[BlackTeamCountry "GER"]

1. d4 Nf6 2. c4 g6 3. Nc3 d5 4. cxd5 Nxd5 5. Nf3 Bg7 6. Qb3 Nxc3 7. bxc3 0-0 8. e3 c5 9. Be2 Nc6 10. 0-0 cxd4 11. cxd4 e5 12. Ba3 Re8 13. dxe5 Nxe5 14. Nxe5 Bxe5 15. Rac1 Qb6 16. Qxb6 axb6 17. Bb5 Rd8 18. Be7 Rd2 19. Rfd1 Rxd1+ 20. Rxd1 Be6 21. a4 Bc3 22. Rd8+ Rxd8 23. Bxd8 Ba5 24. Kf1 Bd5 25. f3 f5 26. Ke2 Kf7 27. Kd3 Bc6 28. Kc4 Ke6 29. Bc7 Bd5+ 30. Kd3 Bc6 31. Kc4 Bd5+ 32. Kd3 Bc6 33. e4 fxe4+ 34. fxe4 Kd7 35. Be5 Ke6 36. Bd4 Kd6 37. Ke3 Kc7 38. Kf4 Bd2+ 39. Ke5 Bg5 40. g3 Bd8 41. Ke6 Bg5 42. e5 Be4 43. Kf7 Bf5 44. h4 Bd8 45. Be3 1-0

[Event "Oberliga Baden 1011"]
[Site "Baden"]
[Date "2010.10.10"]
[Round "1.4"]
[White "Pielmeier, Thomas"]
[Black "Zuse, Peter"]
[Result "0-1"]
[WhiteElo "2181"]
[BlackElo "2233"]
[PlyCount "130"]
[EventDate "2010.10.10"]
[EventType "team-tourn"]
[EventRounds "9"]
[EventCountry "GER"]
[SourceTitle "EXT 2012"]
[Source "ChessBase"]
[SourceDate "2011.11.24"]
[SourceVersion "1"]
[SourceVersionDate "2011.11.24"]
[SourceQuality "1"]
[WhiteTeam "Heidelberg II"]
[BlackTeam "Kirchheim"]
[WhiteTeamCountry "GER"]
[BlackTeamCountry "GER"]

1. e4 c5 2. Nf3 d6 3. d4 cxd4 4. Qxd4 Nc6 5. Bb5 Bd7 6. Bxc6 Bxc6 7. Nc3 Nf6 8. Bg5 e6 9. 0-0-0 Be7 10. Rhe1 Qa5 11. Kb1 0-0 12. Qd2 Qa6 13. Nd4 Rab8 14. f4 h6 15. h4 Rfd8 16. f5 Bd7 17. g4 hxg5 18. hxg5 Nh7 19. g6 Ng5 20. gxf7+ Kxf7 21. fxe6+ Bxe6 22. Rf1+ Ke8 23. Nxe6 Nxe6 24. Qd5 Kd7 25. e5 Rf8 26. Rxf8 Rxf8 27. exd6 Bh4 28. Qh1 Bf6 29. Ne4 Be5 30. a3 Kc8 31. d7+ Kb8 32. Nc5 Qb5 33. b4 Nd8 34. Qe4 Bc7 35. a4 Qc6 36. Qxc6 bxc6 37. a5 Rf4 38. Na6+ Kb7 39. Nc5+ Ka8 40. Na6 Be5 41. g5 Rd4 42. Re1 Bf4 43. Re7 g6 44. c3 Rd6 45. Nc5 Bxg5 46. Re8 Bh4 47. Rh8 Be7 48. Re8 Rd1+ 49. Kc2 Re1 50. Rg8 Kb8 51. Na6+ Kb7 52. Nc5+ Kc7 53. Kd2 Rg1 54. Ne4 Kxd7 55. Kd3 Ke6 56. Rg7 Nf7 57. Rg8 Ne5+ 58. Ke3 Re1+ 59. Kf4 Rf1+ 60. Ke3 Rf8 61. Rg7 Rf3+ 62. Ke2 Rf7 63. Rg8 Kd5 64. Nd2 Bf6 65. Re8 Nc4 0-1

[Event "Baden CupT"]
[Site "Hockenheim"]
[Date "2010.07.18"]
[Round "2.3"]
[White "Rau, Hannes"]
[Black "Pielmeier, Thomas"]
[Result "1/2-1/2"]
[WhiteElo "2466"]
[BlackElo "2181"]
[PlyCount "94"]
[EventDate "2010.07.17"]
[EventType "team-match"]
[EventRounds "2"]
[EventCountry "GER"]
[SourceTitle "EXT 2011"]
[Source "ChessBase"]
[SourceDate "2010.11.26"]
[SourceVersion "1"]
[SourceVersionDate "2010.11.26"]
[SourceQuality "1"]
[WhiteTeam "Hockenheim II"]
[BlackTeam "Heidelberg"]
[WhiteTeamCountry "GER"]
[BlackTeamCountry "GER"]

1. d4 Nf6 2. c4 g6 3. Nc3 d5 4. Nf3 Bg7 5. Bf4 c5 6. dxc5 Qa5 7. cxd5 Nxd5 8. Qxd5 Bxc3+ 9. Bd2 Be6 10. Bxc3 Qxc3+ 11. bxc3 Bxd5 12. e3 Nd7 13. Bb5 0-0-0 14. Bxd7+ Rxd7 15. 0-0-0 f6 16. Rd4 e5 17. Ra4 a6 18. Rd1 Rhd8 19. c4 Be4 20. Rxd7 Rxd7 21. Ne1 Kc7 22. f3 Bd3 23. Nxd3 Rxd3 24. Kc2 e4 25. fxe4 Rxe3 26. Kd2 Rxe4 27. Rb4 f5 28. Kd3 Re5 29. Rb6 Rxc5 30. Rf6 Kb8 31. Rf7 Rc7 32. Rf8+ Ka7 33. h3 Rd7+ 34. Kc3 Re7 35. Kd3 Re1 36. g4 fxg4 37. hxg4 Rg1 38. Rf4 Ra1 39. Rf2 Rg1 40. Rf4 Rg2 41. a4 Rg3+ 42. Kd4 h5 43. gxh5 gxh5 44. Rf5 h4 45. Rh5 h3 46. a5 Ra3 47. Rh8 Rxa5 1/2-1/2

[Event "Verbandsliga Nord Baden 0910"]
[Site "Germany"]
[Date "2010.03.07"]
[Round "7.3"]
[White "Dushatskiy, Fedor"]
[Black "Pielmeier, Thomas"]
[Result "1/2-1/2"]
[WhiteElo "2199"]
[BlackElo "2181"]
[PlyCount "80"]
[EventDate "2009.10.11"]
[EventType "team-tourn"]
[EventRounds "9"]
[EventCountry "GER"]
[SourceTitle "EXT 2011"]
[Source "ChessBase"]
[SourceDate "2010.11.26"]
[SourceVersion "1"]
[SourceVersionDate "2010.11.26"]
[SourceQuality "1"]
[WhiteTeam "Hockenheim II"]
[BlackTeam "Heidelberg II"]
[WhiteTeamCountry "GER"]
[BlackTeamCountry "GER"]

1. d4 Nf6 2. Nf3 g6 3. c4 Bg7 4. Nc3 d5 5. Bg5 Ne4 6. Bh4 Nxc3 7. bxc3 c5 8. e3 Nc6 9. cxd5 Qxd5 10. Qb3 Qxb3 11. axb3 cxd4 12. Nxd4 Nxd4 13. cxd4 Bd7 14. Be2 e5 15. d5 0-0 16. 0-0 Rfc8 17. Rfc1 e4 18. Rab1 a5 19. Be7 b5 20. Kf1 Bf8 21. Bf6 Ba3 22. Rd1 Rc2 23. h3 Ra6 24. Bd4 f5 25. Ra1 Bb4 26. Rac1 Rxc1 27. Rxc1 Rd6 28. Bc5 Rxd5 29. Bxb4 axb4 30. Rd1 Be6 31. Rxd5 Bxd5 32. Bd1 g5 33. g3 Kg7 34. h4 h6 35. hxg5 hxg5 36. Kg2 Kf6 37. Kh3 Ke5 38. g4 f4 39. Kh2 Bc4 40. Kg2 Bd3 1/2-1/2

[Event "Verbandsliga Nord Baden 0910"]
[Site "Germany"]
[Date "2010.01.31"]
[Round "6.5"]
[White "Pielmeier, Thomas"]
[Black "Friedel, Marcus"]
[Result "1/2-1/2"]
[WhiteElo "2181"]
[BlackElo "2134"]
[PlyCount "87"]
[EventDate "2009.10.11"]
[EventType "team-tourn"]
[EventRounds "9"]
[EventCountry "GER"]
[SourceTitle "EXT 2011"]
[Source "ChessBase"]
[SourceDate "2010.11.26"]
[SourceVersion "1"]
[SourceVersionDate "2010.11.26"]
[SourceQuality "1"]
[WhiteTeam "Heidelberg II"]
[BlackTeam "Ettlingen"]
[WhiteTeamCountry "GER"]
[BlackTeamCountry "GER"]

1. e4 e5 2. Nf3 Nc6 3. Bb5 Nf6 4. d3 Bc5 5. 0-0 Nd4 6. Nxd4 Bxd4 7. c3 Bb6 8. Nd2 c6 9. Ba4 0-0 10. Nf3 d6 11. h3 h6 12. Qe2 Nh5 13. d4 Qf6 14. Bc2 Re8 15. Kh2 Nf4 16. Bxf4 Qxf4+ 17. g3 Qf6 18. dxe5 dxe5 19. Nh4 g6 20. Bb3 Bc7 21. Rad1 a5 22. Rd3 Be6 23. Rfd1 Bxb3 24. axb3 Red8 25. Rd7 Bb6 26. f3 Rab8 27. R1d3 Qe6 28. Qd1 Rxd7 29. Rxd7 Bd4 30. Rxd4 exd4 31. Qxd4 Qxb3 32. Qd2 Kg7 33. Ng2 Qb6 34. e5 Rd8 35. Qf4 c5 36. h4 Re8 37. Ne3 Qxb2+ 38. Kh3 Qb1 39. Kh2 h5 40. g4 Qb2+ 41. Kg3 Qxc3 42. Nf5+ gxf5 43. Qg5+ Kf8 44. Qh6+ 1/2-1/2

[Event "Verbandsliga Nord Baden 0506"]
[Site "Germany"]
[Date "2006.01.15"]
[Round "5.2"]
[White "Haas, Michael"]
[Black "Pielmeier, Thomas"]
[Result "1-0"]
[WhiteElo "2176"]
[BlackElo "2181"]
[PlyCount "87"]
[EventDate "2005.10.16"]
[EventType "team"]
[EventRounds "9"]
[EventCountry "GER"]
[SourceTitle "EXT 2007"]
[Source "ChessBase"]
[SourceDate "2006.11.23"]
[SourceVersion "1"]
[SourceVersionDate "2006.11.23"]
[SourceQuality "1"]
[WhiteTeam "Walldorf"]
[BlackTeam "Heidelberg Handschuhsheim II"]
[WhiteTeamCountry "GER"]
[BlackTeamCountry "GER"]

1. e4 e5 2. Nf3 Nc6 3. Bc4 Nf6 4. d3 Bc5 5. Nc3 d6 6. Be3 Bb6 7. Qe2 0-0 8. 0-0-0 Bg4 9. h3 Bxf3 10. Qxf3 Nd4 11. Qg3 c6 12. Bxd4 Bxd4 13. Ne2 b5 14. Bb3 a5 15. c3 Ba7 16. Bc2 b4 17. d4 Qe7 18. Rhe1 bxc3 19. Qxc3 Nd7 20. f4 Rfc8 21. g3 a4 22. Qa3 Nb6 23. dxe5 Nc4 24. Qc3 d5 25. Nd4 g6 26. Bd3 Na5 27. Nc2 Bf2 28. Rf1 Qd7 29. e6 fxe6 30. Qf6 Re8 31. f5 Bc5 32. fxg6 hxg6 33. exd5 cxd5 34. Bxg6 Re7 35. Rf3 Nc4 36. Rdf1 a3 37. b3 Nd6 38. Bh5 Nf5 39. g4 Bd4 40. Qg6+ Ng7 41. Qg5 Rc8 42. Bg6 e5 43. Qh6 Ne6 44. Bh7+ 1-0

[Event "Verbandsliga Nord Baden 0506"]
[Site "Germany"]
[Date "2005.11.27"]
[Round "3.1"]
[White "Pielmeier, Thomas"]
[Black "Kargoll, Boris"]
[Result "1/2-1/2"]
[WhiteElo "2181"]
[BlackElo "2268"]
[PlyCount "95"]
[EventDate "2005.10.16"]
[EventType "team"]
[EventRounds "9"]
[EventCountry "GER"]
[SourceTitle "EXT 2007"]
[Source "ChessBase"]
[SourceDate "2006.11.23"]
[SourceVersion "1"]
[SourceVersionDate "2006.11.23"]
[SourceQuality "1"]
[WhiteTeam "Heidelberg Handschuhsheim II"]
[BlackTeam "Karlsruhe II"]
[WhiteTeamCountry "GER"]
[BlackTeamCountry "GER"]

1. e4 c5 2. Nf3 d6 3. d4 cxd4 4. Nxd4 Nf6 5. Nc3 a6 6. Bc4 e6 7. a3 b5 8. Ba2 Bb7 9. 0-0 Nc6 10. f4 Qc7 11. Kh1 Be7 12. f5 Nxd4 13. Qxd4 e5 14. Qd3 0-0 15. Bg5 Ng4 16. Bxe7 Qxe7 17. Bd5 Bxd5 18. Nxd5 Qh4 19. Qg3 Qxg3 20. hxg3 Kh8 21. Kg1 Rac8 22. c3 Rc4 23. Rfe1 Rd8 24. Rad1 g6 25. f6 h5 26. Rd3 Kh7 27. b3 Rc5 28. Ra1 a5 29. a4 bxa4 30. Rxa4 Rb8 31. c4 Kh6 32. Ra1 Kg5 33. Rf3 Re8 34. Nc3 Re6 35. Nb5 Nxf6 36. Rxa5 Nxe4 37. Rxf7 Nxg3 38. Ra6 Ne4 39. Rd7 Kg4 40. Nxd6 Nxd6 41. Rdxd6 Rxd6 42. Rxd6 Kf5 43. Kf2 h4 44. Ke3 g5 45. Kd3 Ra5 46. b4 Ra3+ 47. Ke2 Ra2+ 48. Kf1 1/2-1/2

[Event "Verbandsliga Nord Baden 0405"]
[Site "Germany"]
[Date "2005.01.09"]
[Round "5.4"]
[White "Pielmeier, Thomas"]
[Black "Klee, Helmut"]
[Result "1/2-1/2"]
[WhiteElo "2175"]
[BlackElo "2232"]
[PlyCount "61"]
[EventDate "2004.10.10"]
[EventType "team"]
[EventRounds "9"]
[EventCountry "GER"]
[SourceTitle "EXT 2007"]
[Source "ChessBase"]
[SourceDate "2006.11.23"]
[SourceVersion "1"]
[SourceVersionDate "2006.11.23"]
[SourceQuality "1"]
[WhiteTeam "Heidelberg II"]
[BlackTeam "Viernheim II"]
[WhiteTeamCountry "GER"]
[BlackTeamCountry "GER"]

1. e4 c5 2. Nf3 e6 3. d4 cxd4 4. Nxd4 a6 5. Bd3 Nf6 6. 0-0 Qc7 7. Nc3 Nc6 8. Nxc6 bxc6 9. Qe2 e5 10. Kh1 Be7 11. f4 d6 12. Bd2 exf4 13. Bxf4 Ng4 14. Qf3 0-0 15. Qg3 Ne5 16. h4 Kh8 17. h5 Be6 18. Ne2 c5 19. Nc3 Qd8 20. Bxe5 dxe5 21. Rad1 Bd6 22. Be2 Qe7 23. Rd2 Rfd8 24. Rfd1 h6 25. Nd5 Bxd5 26. Rxd5 Rab8 27. b3 a5 28. Bc4 Bc7 29. Qg4 Rxd5 30. Rxd5 Rd8 31. Rxd8+ 1/2-1/2

[Event "Verbandsliga Nord Baden 0405"]
[Site "Germany"]
[Date "2004.12.05"]
[Round "4.2"]
[White "Engel, Berthold"]
[Black "Pielmeier, Thomas"]
[Result "1/2-1/2"]
[WhiteElo "2235"]
[BlackElo "2175"]
[PlyCount "158"]
[EventDate "2004.10.10"]
[EventType "team"]
[EventRounds "9"]
[EventCountry "GER"]
[SourceTitle "EXT 2007"]
[Source "ChessBase"]
[SourceDate "2006.11.23"]
[SourceVersion "1"]
[SourceVersionDate "2006.11.23"]
[SourceQuality "1"]
[WhiteTeam "Kirchheim II"]
[BlackTeam "Heidelberg II"]
[WhiteTeamCountry "GER"]
[BlackTeamCountry "GER"]

1. e4 e5 2. Nf3 Nc6 3. Bb5 a6 4. Bxc6 dxc6 5. 0-0 Ne7 6. d3 Ng6 7. Be3 Bd6 8. Nc3 0-0 9. Nd2 Be6 10. Qe2 Qf6 11. a3 b5 12. Rfe1 Nf4 13. Bxf4 Qxf4 14. Qe3 Qxe3 15. Rxe3 Rfd8 16. Ree1 c5 17. Red1 c6 18. Kf1 Bc7 19. Ke2 f6 20. f3 Ba5 21. Rdb1 Rd7 22. a4 b4 23. Na2 Rad8 24. b3 Rd4 25. Rd1 R8d7 26. Nc4 Bd8 27. Ne3 g6 28. g4 Rg7 29. Rg1 Bc7 30. Raf1 Rgd7 31. Nc1 h6 32. Nc4 Bd8 33. Kf2 Rg7 34. Ne2 Rdd7 35. Ne3 Bb6 36. Rd1 c4 37. bxc4 f5 38. gxf5 gxf5 39. exf5 Bxf5 40. Rxg7+ Rxg7 41. Ng3 Bg6 42. Ke2 Rd7 43. Ne4 Rd8 44. Ng4 Bd4 45. Nxh6+ Kg7 46. Ng4 Rb8 47. Nd2 Rh8 48. Nb3 Bf5 49. Nxd4 Bxg4 50. Rg1 Rxh2+ 51. Kd1 exd4 52. Rxg4+ Kf6 53. Rxd4 Ke5 54. Re4+ Kd6 55. Kc1 Rf2 56. f4 Kc5 57. Kb2 Rf1 58. a5 Kd6 59. d4 Rf3 60. f5 Rxf5 61. Kb3 Rxa5 62. Kxb4 Ra1 63. Rh4 a5+ 64. Kb3 Rb1+ 65. Kc3 Rg1 66. Rh7 Rg3+ 67. Kb2 Rg4 68. c3 c5 69. Ra7 cxd4 70. cxd4 Rxd4 71. Kc3 Rh4 72. Rxa5 Kc6 73. Kb4 Rh1 74. Ra6+ Kb7 75. Rg6 Rh5 76. Rf6 Rg5 77. Rh6 Rf5 78. Kc3 Rg5 79. Kd4 Rg4+ 1/2-1/2

[Event "Verbandsliga Nord Baden 0405"]
[Site "Germany"]
[Date "2004.11.21"]
[Round "3.3"]
[White "Schmall, Juergen"]
[Black "Pielmeier, Thomas"]
[Result "1/2-1/2"]
[WhiteElo "2350"]
[BlackElo "2175"]
[PlyCount "46"]
[EventDate "2004.10.10"]
[EventType "team"]
[EventRounds "9"]
[EventCountry "GER"]
[SourceTitle "EXT 2007"]
[Source "ChessBase"]
[SourceDate "2006.11.23"]
[SourceVersion "1"]
[SourceVersionDate "2006.11.23"]
[SourceQuality "1"]
[WhiteTeam "Hockenheim"]
[BlackTeam "Heidelberg II"]
[WhiteTeamCountry "GER"]
[BlackTeamCountry "GER"]

1. c4 Nf6 2. g3 g6 3. Bg2 Bg7 4. Nc3 0-0 5. Nf3 d5 6. cxd5 Nxd5 7. 0-0 c5 8. Nxd5 Qxd5 9. d3 Nc6 10. Be3 Qh5 11. Rc1 b6 12. Ng5 Nd4 13. Bxd4 Bxd4 14. Bxa8 Qxg5 15. Bg2 Bxb2 16. Rb1 Bd4 17. e3 Bg7 18. Qa4 Bf5 19. Be4 Bh3 20. Qxa7 Bxf1 21. Kxf1 c4 22. Qxb6 cxd3 23. Bxd3 Qd5 1/2-1/2

[Event "Baden-ch BM"]
[Site "Karlsruhe"]
[Date "2003.04.22"]
[Round "6.15"]
[White "Pielmeier, Thomas"]
[Black "Kick, Joachim"]
[Result "1/2-1/2"]
[WhiteElo "2218"]
[BlackElo "2165"]
[PlyCount "28"]
[EventDate "2003.04.18"]
[EventType "swiss"]
[EventRounds "11"]
[EventCountry "GER"]
[SourceTitle "EXT 2004"]
[Source "ChessBase"]
[SourceDate "2003.11.25"]
[SourceVersion "1"]
[SourceVersionDate "2003.11.25"]
[SourceQuality "1"]

1. e4 c5 2. Nf3 e6 3. d4 cxd4 4. Nxd4 Nf6 5. Nc3 d6 6. Be3 a6 7. Bd3 b5 8. f4 Nbd7 9. a4 b4 10. Nce2 Bb7 11. Ng3 Be7 12. Qe2 Qc7 13. Nb3 h5 14. Bd4 h4 1/2-1/2

[Event "Baden-ch BM"]
[Site "Karlsruhe"]
[Date "2003.04.18"]
[Round "1.15"]
[White "Richter, Klaus"]
[Black "Pielmeier, Thomas"]
[Result "1-0"]
[WhiteElo "2191"]
[BlackElo "2218"]
[PlyCount "73"]
[EventDate "2003.04.18"]
[EventType "swiss"]
[EventRounds "11"]
[EventCountry "GER"]
[SourceTitle "EXT 2004"]
[Source "ChessBase"]
[SourceDate "2003.11.25"]
[SourceVersion "1"]
[SourceVersionDate "2003.11.25"]
[SourceQuality "1"]

1. e4 e5 2. Nf3 Nc6 3. d4 exd4 4. c3 d5 5. exd5 Qxd5 6. cxd4 Nf6 7. Be2 Bf5 8. Nc3 Bb4 9. 0-0 Bxc3 10. bxc3 0-0 11. c4 Qd6 12. d5 Ne5 13. Bb2 Nxf3+ 14. Bxf3 Nd7 15. Re1 Rfe8 16. Qd4 f6 17. Bh5 g6 18. Bg4 Bxg4 19. Qxg4 Ne5 20. Qd4 Rad8 21. Re3 c5 22. Qh4 b5 23. cxb5 Qxd5 24. Rae1 Qf7 25. Bxe5 fxe5 26. Rxe5 h6 27. h3 Rf8 28. Qxh6 Qxf2+ 29. Kh1 Rd7 30. Qxg6+ Rg7 31. Qe6+ Rff7 32. Qd5 Rg6 33. Re8+ Kh7 34. Qh5+ Rh6 35. Rh8+ Kxh8 36. Qxh6+ Kg8 37. Re8+ 1-0

[Event "BL2-Sued 0203"]
[Site "Germany"]
[Date "2003.02.23"]
[Round "7.6"]
[White "Trassl, Franz"]
[Black "Pielmeier, Thomas"]
[Result "1-0"]
[WhiteElo "2260"]
[BlackElo "2218"]
[PlyCount "91"]
[EventDate "2002.10.20"]
[EventType "team-tourn"]
[EventRounds "9"]
[EventCountry "GER"]
[SourceTitle "EXT 2004"]
[Source "ChessBase"]
[SourceDate "2003.11.25"]
[SourceVersion "1"]
[SourceVersionDate "2003.11.25"]
[SourceQuality "1"]
[WhiteTeam "Krumbach"]
[BlackTeam "Heidelberg Handschuhsheim"]
[WhiteTeamCountry "GER"]
[BlackTeamCountry "GER"]

1. Nf3 Nf6 2. d4 g6 3. g3 Bg7 4. Bg2 0-0 5. 0-0 d5 6. Ne5 c5 7. c3 Na6 8. Bf4 Qb6 9. Qb3 cxd4 10. Qxb6 axb6 11. cxd4 Nb4 12. Nc3 Be6 13. Rfd1 Nh5 14. a3 g5 15. axb4 gxf4 16. Bxd5 fxg3 17. hxg3 Rxa1 18. Rxa1 Rd8 19. Bf3 Nf6 20. e3 Nd5 21. Bxd5 Bxd5 22. Nxd5 Rxd5 23. Ra8+ Bf8 24. Rb8 f6 25. Nd3 e5 26. Rxb7 exd4 27. Nf4 Rd6 28. exd4 Bh6 29. Ne2 Bd2 30. b5 Ba5 31. Kg2 h6 32. Kf3 Be1 33. g4 Bd2 34. Ke4 Be1 35. f4 Re6+ 36. Kd3 Bf2 37. d5 Re3+ 38. Kd2 Re8 39. Rd7 Bc5 40. Ng3 Be3+ 41. Kd3 Bxf4 42. Nf5 Re1 43. Rb7 Rg1 44. Rxb6 Rxg4 45. Rxf6 Rg2 46. Ne7+ 1-0

[Event "BL2-Sued 0203"]
[Site "Germany"]
[Date "2003.02.09"]
[Round "6.7"]
[White "Maurer, Jochen"]
[Black "Pielmeier, Thomas"]
[Result "0-1"]
[WhiteElo "2172"]
[BlackElo "2218"]
[PlyCount "68"]
[EventDate "2002.10.20"]
[EventType "team-tourn"]
[EventRounds "9"]
[EventCountry "GER"]
[SourceTitle "EXT 2004"]
[Source "ChessBase"]
[SourceDate "2003.11.25"]
[SourceVersion "1"]
[SourceVersionDate "2003.11.25"]
[SourceQuality "1"]
[WhiteTeam "Pang/Rosenheim"]
[BlackTeam "Heidelberg Handschuhsheim"]
[WhiteTeamCountry "GER"]
[BlackTeamCountry "GER"]

1. e4 e5 2. Nf3 Nc6 3. Bb5 a6 4. Bxc6 dxc6 5. 0-0 Ne7 6. c3 Ng6 7. h3 Qd3 8. Na3 Be6 9. Ng5 Nf4 10. Nxe6 Nxe6 11. Qc2 Nf4 12. g3 Bc5 13. Qxd3 Nxd3 14. b4 Ba7 15. Nc4 0-0-0 16. a4 h5 17. Kg2 Rh6 18. Nb2 Rf6 19. Nxd3 Rxd3 20. f3 g5 21. g4 c5 22. b5 c4 23. Rb1 Bc5 24. Ra1 Rh6 25. gxh5 Rxh5 26. Kg3 Rh4 27. Ba3 Bxa3 28. Rxa3 Rxe4 29. Rf2 f5 30. Kg2 Rf4 31. Ra1 e4 32. fxe4 Rxf2+ 33. Kxf2 Rxd2+ 34. Ke1 Rh2 0-1